Nueva poesía cubana : (Record no. 2725)
[ view plain ]
| 000 -CABECERA | |
|---|---|
| campo de control de longitud fija | 00674cam a2200205 a 4500 |
| 001 - NÚMERO DE CONTROL | |
| campo de control | 000002891 |
| 005 - FECHA Y HORA DE LA ÚLTIMA TRANSACCIÓN | |
| campo de control | 20200929150258.0 |
| 008 - DATOS DE LONGITUD FIJA--INFORMACIÓN GENERAL | |
| campo de control de longitud fija | 771031t19701969sp 000 p spa |
| 040 ## - FUENTE DE LA CATALOGACIÓN | |
| Centro catalogador/agencia de origen | DO-SdBNP |
| Lengua de catalogación | spa |
| Centro/agencia modificador | BNPHU |
| 082 ## - NÚMERO DE LA CLASIFICACIÓN DECIMAL DEWEY | |
| Número de clasificación | Cu861.44 |
| Número de documento/Ítem | G724n |
| 100 1# - ENTRADA PRINCIPAL--NOMBRE DE PERSONA | |
| Nombre de persona | Goytisolo, José Agustín, |
| Fechas asociadas al nombre | 1928-1999. |
| 9 (RLIN) | 9185 |
| 245 10 - MENCIÓN DE TÍTULO | |
| Título | Nueva poesía cubana : |
| Resto del título | antología poética / |
| Mención de responsabilidad, etc. | José Agustín Goytisolo. |
| 260 ## - PUBLICACIÓN, DISTRIBUCIÓN, ETC. | |
| Lugar de publicación, distribución, etc. | Barcelona : |
| Nombre del editor, distribuidor, etc. | Península, |
| Fecha de publicación, distribución, etc. | 1970. |
| 300 ## - DESCRIPCIÓN FÍSICA | |
| Extensión | 236, [2] p. ; |
| Dimensiones | 18 cm. |
| 490 1# - MENCIÓN DE SERIE | |
| Mención de serie | Ibérica |
| Designación de volumen o secuencia | 11 |
| 650 #4 - PUNTO DE ACCESO ADICIONAL DE MATERIA--TÉRMINO DE MATERIA | |
| Término de materia o nombre geográfico como elemento de entrada | Poesía cubana |
| Subdivisión cronológica | SIGLO XX |
| 9 (RLIN) | 9139 |
| 650 #4 - PUNTO DE ACCESO ADICIONAL DE MATERIA--TÉRMINO DE MATERIA | |
| Término de materia o nombre geográfico como elemento de entrada | Literatura cubana |
| Subdivisión cronológica | SIGLO XX |
| 9 (RLIN) | 9186 |
| 830 #0 - PUNTO DE ACCESO ADICIONAL DE SERIE-TÍTULO UNIFORME | |
| Título uniforme | Ibérica |
| Designación de volumen o secuencia | 11 |
| 9 (RLIN) | 9187 |
| 910 ## - DATOS DE OPCIÓN DEL USUARIO (OCLC) | |
| Datos de opción del usuario | Validado. Control de calidad BNPHU |
| Estado de retiro | Estado de pérdida | Restricciones de uso | No para préstamo | Código de colección | Localización permanente | Ubicación/localización actual | Ubicación en estantería | Fecha de adquisición | Número de inventario | Total de préstamos | Signatura topográfica completa | Código de barras | Fecha visto por última vez | Precio válido a partir de | Tipo de ítem Koha |
|---|---|---|---|---|---|---|---|---|---|---|---|---|---|---|---|
| Monografías: Libros y Folletos | General | General | Depósito | 04.07.2009 | LF1 | Cu861.44 G724n | 2891-10 | 25.06.2020 | 25.06.2020 | Préstamo en sala |
